000 01882nam a2200517 i 4500
001 6296
003 KOSZ 005
005 20190822093243.0
008 970629s1991 pl a f f |000 0 pol
015 _aPB 1991/11151
035 _a991002071439705066
035 _a(PL-WaBN)b10576654-48omnis_nlop
035 _ab10576654
035 _a(OCoLC)834088604
035 _a(PL)b0000001057665
035 _a(EXLNZ-48OMNIS_NETWORK)9910469760305606
040 _aWA N
_cWA N
_dKOSZ 005/HR
046 _k1991
080 _a658.5
080 _a621
080 _a(075.8)
245 1 0 _aOrganizacja podstawowych procesów produkcyjnych i sterowanie produkcją.
_nCz. 3 :
_popracowanie zbiorowe : [skrypt] /
_cMarek Brzeziński ; Politechnika Lubelska pod red. M. Brzezińskiego ; [aut. poszczeg. rozdz. Maciej Bałtowski et al.].
260 _aLublin :
_bWydawnictwa Uczelniane PL,
_c1991.
300 _a128 s. :
_brys., wykr. ;
_c24 cm.
336 _2rdacontent
_aTekst
_btxt
337 _2rdamedia
_aBez urządzenia pośredniczącego
_bn
338 _2rdacarrier
_aWolumin
_bnc
380 _aKsiążki
380 _aPublikacje dydaktyczne
385 _mPoziom nauczania
_aSzkoły wyższe
388 _a1901-2000
388 _a1989-2000
500 _aNa okł. nazwa przedmiotu: Organizacja zarządzania przemysłem.
504 _aBibliogr. s. 127-128.
650 7 _aProdukcja
_2DBN
650 7 _aOrganizacja
655 7 _aPodręczniki akademickie
_2DBN
655 7 _aPraca zbiorowa
658 _aInżynieria i technika
658 _aZarządzanie i marketing
700 1 _aBałtowski, Maciej
_d(1953- )
_eAutor
700 1 _aBrzeziński, Marek
_d(1949- )
_eRedakcja
_eAutor
856 _uhttp://koha.tu.koszalin.pl/cgi-bin/koha/opac-detail.pl?biblionumber=6296
_yKatalog online BPK
942 _2UKD
_cKS
999 _c6296
_d6296